00406nam a22001577a 4500003000400000005001700004008004100021020001500062040002900077050002500106100002200131245001800153260005100171300000800222650001800230OSt20260224132928.0230529b |||||||| |||| 00| 0 eng d a9966773487 cChuka University Library aPL 8701.6bM6A7 2009 aArege, Timothy M. aMstahiki meya a Nairobi bVide Muwa Publishers Limitedc2009. a81p aSwahili drama